000 00391nam a2200145Ia 4500
008 100122s9999 xx 000 0 und d
082 _b29163
_a823
100 _aभागवत यशवंत
245 _aमंजुळा
260 _bशलाका प्रकाशन
_c1905
300 _a170
630 _aमंजुळा
730 _aमंजुळा
942 _cBOOK
999 _c414596
_d414593